Inflation accounting <a> guide for non-accountants

Enregistré dans:
Détails bibliographiques
Auteur principal: Kirkman, P.R.A
Format: Livre
Langue:anglais
Publié: London Associated Business Programmen 1975
Tags: Ajouter un tag
Pas de tags, Soyez le premier à ajouter un tag!

MARC

LEADER 00000nam a2200000 4500
001 c109398
005 20041019155143.9
041 0 |a eng 
044 |a GB 
245 1 0 |a Inflation accounting  |b <a> guide for non-accountants  |c P.R.A. Kirkman 
264 1 |a London  |b Associated Business Programmen  |c 1975 
300 |a 151 s. 
100 1 |a Kirkman, P.R.A.